Counselling psychology quarterly

Bibliographic Details
Corporate Author: Taylor & Francis
Format: Electronic Journal
Language:English
Published: [Abingdon, Oxfordshire] : Carfax International Publishers
Subjects:
Online Access:Full text available from Research Library: 09/01/1997 to 06/30/2000

MARC

LEADER 00000nas a2200000 a 4500
001 ssj0002572
003 WaSeSS
005 20200512172242.0
006 m d
007 cr n
008 000914c19889999enkqr pss 0 0eng c
010 |a  2007233438 
015 |a GBA603175  |2 bnb 
016 7 |a 013352843  |2 Uk 
022 |a 1469-3674  |l 0951-5070  |y 0951-5070 
030 |a CPQUEZ 
035 |a (WaSeSS)ssj0002572 
040 |a F#A  |b eng  |c F#A  |d OCLCQ  |d CGU  |d UV$  |d MUS  |d GUA  |d OCLCQ  |d UKMGB  |d OCLCQ  |d OCLCF  |d CHVBK  |d OCLCO  |d VT2  |d OCLCQ  |d WT2  |d OCLCQ  |d DLC  |d OCLCO  |d OCLCA  |d NLE  |d U3W  |d OCLCO  |d OCLCQ  |d TOF  |d AU@  |d CASUM  |d OCLCO  |d WYU  |d OCLCO  |d OCLCA  |d OCLCQ  |d OCLCO  |d OCLCA  |d SFB  |d WaSeSS 
042 |a pcc 
050 0 0 |a BF636.5 
060 0 0 |a W1  |b CO964H 
082 0 4 |a 158.3 
130 0 |a Counselling psychology quarterly (Online) 
245 1 0 |a Counselling psychology quarterly  |h [electronic resource]. 
246 3 |a Counseling psychology quarterly 
260 |a [Abingdon, Oxfordshire] :  |b Carfax International Publishers 
310 |a Quarterly 
362 1 |a Print began with vol. 1, no. 1, published in 1988. 
500 |a Published: London : Taylor & Francis, <2002-> 
506 |a License restrictions may limit access. 
538 |a Mode of access: World Wide Web. 
588 0 |a Vol. 13, no. 1 (Mar. 2000); title from contents screen (MetaPress, viewed Apr. 18, 2007). 
588 1 |a Vol. 30, issue 4 (2017) (Taylor & Francis Online viewed December 19, 2017). 
650 0 |a Counseling psychology  |v Periodicals. 
650 2 |a Counseling. 
650 7 |a Psychology.  |2 ebps 
650 7 |a Mental Health Services.  |2 ebps 
650 7 |a Counseling psychology.  |2 fast  |0 (OCoLC)fst01740078 
655 0 |a Electronic journals. 
710 2 |a Taylor & Francis. 
776 0 8 |i Print version:  |t Counselling psychology quarterly  |x 0951-5070  |w (DLC)sn 88026813  |w (OCoLC)18582175 
850 |a DLC 
856 4 0 |z Full text available from Research Library: 09/01/1997 to 06/30/2000  |u https://search.proquest.com/publication/32882